Towards a better tomorrow: (Record no. 205)

MARC details
000 -LEADER
fixed length control field 003570000a22001210004500
008 - FIXED-LENGTH DATA ELEMENTS--GENERAL INFORMATION
fixed length control field 230817t ||||| |||| 00| 0 eng d
082 ## - DEWEY DECIMAL CLASSIFICATION NUMBER
Classification number 305.49
Item number TOW
942 ## - ADDED ENTRY ELEMENTS (KOHA)
Item Type Reports
245 ## - TITLE STATEMENT
Title Towards a better tomorrow:
Sub Title the report of inquiry for women (1997)- a simplified version
260 ## - PUBLICATION, DISTRIBUTION, ETC. (IMPRINT)
Place of Publication Lahore:
Name of Publisher Shirkat Gah,
Date of Copyright 1998
300 ## - PHYSICAL DESCRIPTION
Extent 77 p.
650 ## - SUBJECT ADDED ENTRY--TOPICAL TERM
Topical Term WOMEN-Legal status
Holdings
Withdrawn status Lost status Damaged status Not for loan Permanent location Current location Date acquired Total Checkouts Full call number Barcode Date last seen Price effective from Koha item type Source of classification or shelving scheme
        Resource center, Muslim Women's Research And Action Forum Resource center, Muslim Women's Research And Action Forum 2023-08-17   305.49 TOW RAF4017 2023-08-17 2023-08-17 Reports  
        Resource center, Muslim Women's Research And Action Forum Resource center, Muslim Women's Research And Action Forum 2024-05-27   305.49 TOW RAF3796 2024-05-27 2024-05-27 Reports Dewey Decimal Classification

Copyright © 2023 Muslim Women's Research and Action Forum (MWRAF), No 27/3, Anderson Road, Kalubowila, Dehiwela. Funded by The Asia Fundation